Top Date Producing Countries - Statistics

General Stats
  • This quiz has been taken 42 times
  • The average score is 14 of 15
Answer Stats
Dates
(metric tons)
Country % Correct
1,603,762 Egypt
100%
101,537 Morocco
100%
1,136,025 Algeria
98%
1,307,908 Iran
98%
174,850 Libya
98%
1,539,756 Saudi Arabia
95%
288,700 Tunisia
95%
639,315 Iraq
93%
438,700 Sudan
93%
372,572 Oman
90%
483,071 Pakistan
88%
64,375 Yemen
88%
323,478 United Arab Emirates
85%
105,867 Kuwait
76%
172,587 China
71%
No matching quizzes found
Score Distribution
Percent of People with Each Score
Percentile by Number Answered
Your Score History
You have not taken this quiz